| 000 | 00758nam a2200229 i 4500 | ||
|---|---|---|---|
| 001 | 6061 | ||
| 003 | ES-MaACL | ||
| 005 | 20230906144800.0 | ||
| 007 | t| | ||
| 008 | 890706s1986 ck |||| | spa d | ||
| 080 | _a821.134.2(861).09 | ||
| 100 | 1 |
_aOrjuela, Héctor H. _987275 |
|
| 245 | 1 | 0 |
_aEstudios sobre literatura indígena y colonial / _cHector H. Orjuela. |
| 260 |
_aBogota : _bInstituto Caro y Cuervo, _c1986. |
||
| 300 |
_a287 p. ; _c25 cm. |
||
| 490 | 1 |
_aPublicaciones del Instituto Caro y Cuervo ; _v76 |
|
| 650 | 4 |
_aLiteratura colombiana- _xHistoria y crítica. _914527 |
|
| 710 | 2 |
_aInstituto Caro y Cuervo. _94806 |
|
| 830 | 0 |
_aPublicaciones del Instituto Caro y Cuervo ; _v76 _9177445 |
|
| 852 |
_aES-MaACL _jL-13174 |
||
| 999 |
_c6061 _d6061 |
||